000
00194 a2200097 4500
001
26217
100
_a
N.C.C
245
_a
Working with computers
260
_a
_b
N.C.C
_c
090
_c
17696
_d
17696
942
_a
NUST-CAE
_c
M
_c
8553
999
_c
261290
_d
261290